[Event "World Cup"]
[Site "Skelleftea"]
[Date "1989.??.??"]
[Round "?"]
[White "Seirawan, Yasser"]
[Black "Kortschnoj, Viktor"]
[Result "1-0"]
[WhiteElo "2585"]
[BlackElo "2655"]

1.d4 Nf6 2.c4 e6 3.Nf3 d5 4.Nc3 c5 5.cxd5 Nxd5 6.e4 Nxc3 7.bxc3 cxd4 8.cxd4 Bb4+
9.Bd2 Bxd2+ 10.Qxd2 O-O 11.Bc4 Nc6 12.O-O Ne7 13.a4 b6 14.a5 Bb7 15.Bd3 bxa5
16.Rfb1 Rb8 17.Rxa5 Nc6 18.Rab5 Ba8 19.d5 Rxb5 20.Rxb5 a6 21.Rb1 exd5 22.exd5 Ne7
23.d6 Nd5 24.Ng5 h6 25.Ne4 a5 26.Rd1 Kh8 27.Rb1 f5 28.Nc3 Nb4 29.Ne2 Qf6
30.d7 Rd8 31.Ng3 Qc6 32.f3 Qc5+ 33.Kh1 Bc6 34.Bxf5 a4 35.Rc1 Qf8 36.Rc3 Ra8
37.h3 Rd8 38.Kh2 Qe7 39.Re3 Qf8 40.Rc3 Qe7 41.Re3 Qf8 42.Qd4 Bxd7 43.Qh4 Nd5
44.Rd3 Bxf5 45.Nxf5 Rd7 46.Ne3 a3 47.Nxd5 a2 48.Nf4 Rxd3 49.Ng6+ Kg8 50.Nxf8 a1=Q
51.Qc4+ Kxf8 52.Qxd3 Qe5+ 53.Kg1 Qe1+ 54.Qf1 Qe5 55.Qd1 Qc5+ 56.Kf1 h5 57.Qd3 Kf7
58.Qe4 g6 59.Ke2 Qg1 60.f4 Qb6 61.Qd5+ Kf6 62.Qe5+ Kf7 63.Qd5+ Kf6 64.Kf3 Qb1
65.Qd4+ Kf7 66.Qc4+ Kf6 67.Qc3+ Kf7 68.Qd2 Qb3+ 69.Kf2 Qe6 70.Kg3 Qe4 71.Kf2 Kf6
72.Qc3+ Kf7 73.Qe3 Qd5 74.g4 hxg4 75.hxg4 Qd7 76.Kg3 Qd6 77.Qa7+ Kg8 78.Qa8+ Kf7
79.Qb7+ Kg8 80.Qc8+ Kf7 81.Qc4+ Kf8 82.Qc3 Kf7 83.Qc4+ Kf8 84.Qe4 Kf7 85.Kh3 Qd8
86.Qc4+ Kf8 87.Qe6 Qd3+ 88.Kh4 Qd8+ 89.Kg3 Qd3+ 90.Kf2 Qd2+ 91.Kf3 Qd3+ 92.Qe3 Qd1+
93.Kg3 Qd6 94.Qe5 Qb6 95.Kh4 Kf7 96.Qd5+ Ke7 97.Qe5+ Kf7 98.Qh8 Qd6 99.Qh7+ Kf6
100.Qh8+ Kf7 101.Qh7+ Kf6 102.g5+ Kf5 103.Qf7+ Ke4 104.Qc4+ Ke3 105.Kg3 Kd2
106.Qe4 Kc1 107.Kf3 Qd1+ 108.Qe2 Qd5+ 109.Kf2 Qd6 110.Qe5 Qd2+ 111.Kf3 Qd7
112.Ke4 Kb1 113.Qd5 Qc7 114.Ke3 Qc1+ 115.Qd2 Qc6 116.Qd4 Kc1 117.Qf6 Qd5
118.Qc3+  1-0

[Event "World Cup"]
[Site "Skelleftea"]
[Date "1989.??.??"]
[Round "?"]
[White "Sax, Gyula"]
[Black "Short, Nigel D"]
[Result "1/2-1/2"]
[WhiteElo "2580"]
[BlackElo "2660"]

1.e4 e6 2.d4 d5 3.Nc3 Bb4 4.e5 c5 5.a3 Bxc3+ 6.bxc3 Ne7 7.Qg4 Qc7 8.Bd3 c4
9.Be2 Nf5 10.Nf3 Nc6 11.Qh5 h6 12.O-O Bd7 13.g4  1/2-1/2

[Event "World Cup"]
[Site "Skelleftea"]
[Date "1989.??.??"]
[Round "?"]
[White "Tal, Mihail"]
[Black "Vaganian, Rafael A"]
[Result "1/2-1/2"]
[WhiteElo "2585"]
[BlackElo "2585"]

1.e4 e6 2.d4 d5 3.Nd2 c5 4.Ngf3 Nc6 5.exd5 exd5 6.Bb5 Bd6 7.dxc5 Bxc5 8.Nb3 Bd6
9.O-O Ne7 10.Bg5 O-O 11.Re1 Bg4 12.Be2 h6 13.Bh4 Re8 14.Nfd4 Bxe2 15.Qxe2 Qb6
16.c3  1/2-1/2

[Event "World Cup"]
[Site "Skelleftea"]
[Date "1989.??.??"]
[Round "?"]
[White "Ribli, Zoltan"]
[Black "Salov, Valery"]
[Result "1/2-1/2"]
[WhiteElo "2605"]
[BlackElo "2645"]

1.d4 Nf6 2.c4 e6 3.Nf3 b6 4.g3 Bb7 5.Bg2 Be7 6.O-O O-O 7.Nc3 Ne4 8.Nxe4 Bxe4
9.Nh4 Bxg2 10.Nxg2 d5 11.Qa4 Qd7 12.Qxd7 Nxd7  1/2-1/2

[Event "World Cup"]
[Site "Skelleftea"]
[Date "1989.??.??"]
[Round "?"]
[White "Salov, Valery"]
[Black "Short, Nigel D"]
[Result "0-1"]
[WhiteElo "2645"]
[BlackElo "2660"]

1.d4 Nf6 2.c4 g6 3.Nc3 Bg7 4.e4 d6 5.Nf3 O-O 6.Be2 e5 7.O-O Nc6 8.d5 Ne7
9.Nd2 a5 10.a3 Nd7 11.Rb1 f5 12.b4 Kh8 13.Qc2 Ng8 14.Bb2 Ngf6 15.Rbe1 f4
16.c5 dxc5 17.bxc5 Nxc5 18.Nb5 Nfd7 19.Nf3 b6 20.a4 Ba6 21.Ba3 Bf6 22.Rd1 g5
23.h3 Rg8 24.Nh2 Bg7 25.Bc4 Bf8 26.d6 Bxb5 27.dxc7 Qxc7 28.Bxb5 Nf6 29.Bb2 g4
30.hxg4 Bd6 31.f3 Rac8 32.Qe2 Ne6 33.Rc1 Bc5+ 34.Kh1 Rg6 35.Qc4 Qd6 36.Rfd1 Nd4
37.Bxd4 exd4 38.Rxd4 Qe7 39.Qc3 Qg7 40.Rdd1 Rh6 41.Rd4 Rxh2+ 42.Kxh2 Qh6+  0-1